00919nam a2200265Ia 450000500170000000800410001702000150005810000360007324501000010925000190020930000270022849000310025565000240028665000290031065000320033965000380037170000370040970000460044626400270049233600270051933700330054633800280057904000350060708400110064220220317000525.0160601s2005 ck g 000 0 spa  a95804558131 aShakespeare, Williamd1564-161610aRomeo y Julieta cWilliam Shakespeare ; traducción de Martín Caparrós, Erna von der Walde a1a. edición  a179 páginas c19 cm  aShakespeare por escritores142LEMBaTeatro Ingles142LEMBaLiteratura Inglesa142LEMBaAmor en la literatura142LEMB aTragedia en la literatura 1 aCaparrós, Martínetraductor 1 aWalde, Erna von der, d1957-,etraductor  aBogotá bNormac2005 atextobtxt2rdacontent asin mediaciónbn2rdamedia avolumenbnc2rdacarrier aCO-BoRNBPbspaerdacCO-BoRNBP aT SHA1